000 00682nam a2200241 i 4500
001 C2-0292815
003 PPAK
005 20180728024810.0
008 090111s2007 li a|||| ||||| | eng d
020 _a9781589804074
040 _aPPAK
_beng
_cPPAK
_erda
082 0 4 _a741.235
_223
090 0 0 _a741.235
_bFLA
_dRLCK
100 1 _aFlattmann, Alan,
_eauthor
245 1 4 _aThe arts of pastel painting
264 1 _aLouisiana :
_bPelican Publishing ,
_c2007
300 _a151 pages :
_bcolour illustrations ;
_c29 cm
336 _2rdacontent
_atext
337 _2rdamedia
_aunmediated
338 _2rdacarrier
_avolume
650 1 0 _aPastel drawing - Technique
942 _ddc
_cB
999 _c97653
_d97653